000 00649nam a22001815i 4500
001 158103
003 ES-MaACL
005 20240511063039.0
008 040823s1886 sp |||| | spa d
040 _aCAM
_bspa
_cCAM
100 1 _aLorenzo d'Ayot, Manuel,
_d-1911
_9125762
245 1 3 _aEl beso
_b: poema en prosa original /
_cde Manuel Lorenzo d'Ayot.
260 _aMadrid :
_b[s.n.],
_c1886 (
_fImprenta de G. Pedraza)
300 _a11 p. ;
_c11 cm.
500 _aEn port. consta: No se vende.
852 _aES-MaACL
_jT-478-F-1
_z-- Enc. hol.
_q-- Falto de la cub. original
_z-- Enc. en un vol. facticio
999 _c158103
_d158103